The Malaysian rattan indsutry : strategies for development

Bibliographic Details
Main Author: SHUKRI bin Mohamed
Format: Book
Published: Serdang, Selangor : University Pertanian Malaysia , 1986
Series:Occasional paper; no. 6
Subjects:

MARC

LEADER 00000cam a2200000 7i4500
001 0000001861
005 20020311.0
090 0 0 |a 633.5809595   |b SHU 1986 
100 0 0 |a SHUKRI bin Mohamed 
245 1 4 |a The Malaysian rattan indsutry :   |b strategies for development   |c by Shukri bin Mohamed 
260 0 0 |a Serdang, Selangor :   |b University Pertanian Malaysia ,   |c 1986 
300 |a 15 p. ;   |c 29 cm. 
440 0 0 |a Occasional paper; no. 6 
500 0 0 |a Bibliography : p. 12-13 
650 0 0 |a Rattan   |z Malaysia 
998 |a JPSM 
999 |a 0000003058   |b Monograph   |c Open Shelf   |e Default branch